|
|
|
|
| LEADER |
00000nab a22000005a 4500 |
| 001 |
AR-BbUGT10124 |
| 003 |
AR-BbUGT |
| 005 |
20210405075447.0 |
| 007 |
ta |
| 008 |
180417s2016||||ag |||p |||| 0|||||spa d |
| 999 |
|
|
|c 15661
|d 15661
|
| 040 |
|
|
|a AR-BbUGT
|c AR-BbUGT
|
| 100 |
1 |
|
|a Boito, María Eugenia
|
| 245 |
1 |
0 |
|a Embellecimiento estratégico en la ciudad de Códoba :
|b continuidades, tensiones y rupturas en las prácticas del habitar en el barrio Guemes (2000-2014)
|
| 651 |
|
4 |
|9 934
|a Córdoba (Argentina)
|
| 653 |
|
|
|a Espacio urbano
|
| 653 |
|
|
|a Ciudad turística
|
| 653 |
|
|
|a Políticas públicas
|
| 773 |
0 |
|
|o R7580.44
|g Vol. 19 (2016), p. 13-29
|t Estudios socioterritoriales
|x 1515-6206
|w AR-BbUGT7031
|
| 942 |
|
|
|2 ddc
|c ARTPP
|